000 01268nam a22003617a 4500
003 CHAP
005 20220329135759.0
008 971013s1986 r 00010 d
010 _a41986
011 _a42958
035 _a47088
040 _cCHAP
090 _aTesis
100 0 0 _aEscobedo Mendoza, Artemio.
_937551
245 _aRespuestas a la selección de progenies S1 y familias de medios hermanos en girasol (Helianthus annus L.)
260 _aChapingo, Méx. :
_bEl autor,
_c1986
300 _a92 h.
_b; gráfs.
502 _aTesis (M. C. Esp. en Genética) -- Colegio de Postgraduados. Centro de Genética
590 _aALEPH
_b10
_c20130110
_lUCH01
_h1311
590 _aBATCH-UPD
_b10
_c20130110
_lUCH01
_h0250
590 _aBATCH-UPD
_b10
_c20130110
_lUCH01
_h2138
590 _aBATCH-UPD
_b10
_c20130410
_lUCH01
_h1446
590 _aBATCH-UPD
_b10
_c20130914
_lUCH01
_h1318
590 _aCONVERSION
_b10
_c20130109
_lUCH01
_h1323
650 1 4 _aGirasol
_xGenética.
_948149
650 1 4 _aGirasol
_xRendimiento.
_948171
650 1 4 _aGirasol
_xSelección masal.
_948174
650 1 4 _aGirasol
_xVariedades.
_948186
901 _aBK
942 _cFOLL
949 _bBC
_cTES
_d-107137
_eTS1
_h18137
_i47088
_si
949 _bBC
_cTES
_d-107138
_eTS2
_fc.2
_h18138
_i47088
_si
999 _c41986
_d41986